Un Desafío a la Democracia los Partidos políticos en Centroamérica y República Dominicana
| Main Authors: | , |
|---|---|
| Format: | Section = Libro |
| Language: | Undetermined Spanish |
| Published: |
Costa Rica
BID
2005
|
| Subjects: |
| LEADER | 00590nam a2200205Ia 4500 | ||
|---|---|---|---|
| 008 | 240830s9999 xx 000 0 und d | ||
| 020 | |a 1-931003-79-3 | ||
| 040 | |a B-ESTELÍ- RUACS / 321.8 A176 | ||
| 041 | |a spa | ||
| 082 | |a 321.8 A176 | ||
| 100 | 1 | |a Achard, Diego | |
| 100 | 1 | |b González, Luis E. | |
| 245 | 1 | 0 | |a Un Desafío a la Democracia los Partidos políticos en Centroamérica y República Dominicana |
| 260 | |a Costa Rica |b BID |c 2005 | ||
| 300 | |a 133 p. | ||
| 650 | 7 | |a DEMOCRACIA-AMERICA CENTRAL | |
| 650 | 7 | |b DERECHOS HUMANOS | |
| 942 | |c BK |2 ddc | ||
| 991 | |a TEXTO | ||
| 999 | |c 10692 | ||